00345nam a22001337a 450000500170000001000130001702000230003003500330005303700130008610000090009924500400010826000440014830000190019220181128145127.0 aB-126134 a8176211516c125.00 aB-126121, B-126134, B-126135 aDPLbENG aOsho aIn search of celebration /cby Osho aNew DelhibFull Circle Publishingc2004 a197p.c20 cms.